Fishing Reel Types - Statistics

General Stats
  • This quiz has been taken 286 times
  • The average score is 3 of 5
Answer Stats
Picture Answer % Correct
Fly
94%
Baitcast
93%
Spinning
88%
Spincast
33%
Trolling
22%
No matching quizzes found
Score Distribution
Percent of People with Each Score
Percentile by Number Answered
Your Score History
You have not taken this quiz